000
00331nam a2200133Ia 4500
008
240624s9999 xx 000 0 und d
041
_a
eng
082
_a
823 ADI
100
_a
ADICHIE CHIMAMANDA NGOZI
245
_a
PURPLE HIBISCUS
260
_c
2007
_a
New Delhi
_b
HarperCollins
300
_a
307 : p. : cm. ; 21
365
_c
RS
_b
25
999
_c
18674
_d
18674